[Event "Riscle-C"]
[Site "Riscle"]
[Date "2018.08.11"]
[Round "7"]
[White "L`Heritier, Boris"]
[Black "Tholey, Jean Paul"]
[Result "0-1"]
[WhiteElo "1786"]
[BlackElo "1803"]
[PlyCount "108"]
[EventDate "2018.08.06"]
[EventType "tourn"]
[EventRounds "7"]
[EventCountry "FRA"]
[SourceTitle "EXT 2020"]
[Source "ChessBase"]
[SourceDate "2019.10.17"]
[SourceVersion "1"]
[SourceVersionDate "2019.10.17"]
[SourceQuality "1"]

1. e4 e6 2. b3 d5 3. Bb2 dxe4 4. Nc3 Nf6 5. Qe2 Be7 6. Nxe4 0-0 7. 0-0-0 Nxe4 8. Qxe4 Qd5 9. Bd3 Qxe4 10. Bxe4 Nd7 11. Ne2 Rb8 12. g4 b6 13. Nd4 Bb7 14. Nc6 Bxc6 15. Bxc6 Rbd8 16. h4 Nb8 17. Be4 c5 18. g5 Na6 19. Kb1 Nb4 20. f4 Nd5 21. f5 exf5 22. Bxf5 Bd6 23. h5 Rfe8 24. g6 fxg6 25. hxg6 h6 26. Rde1 Nc7 27. d3 Bg3 28. Ref1 Be5 29. Be4 Bxb2 30. Kxb2 Rf8 31. a4 Rxf1 32. Rxf1 Rf8 33. Rh1 Rf6 34. Rh5 Kf8 35. Kc3 Ke7 36. d4 cxd4+ 37. Kxd4 Ne6+ 38. Ke3 Nf8 39. Re5+ Re6 40. Kd4 Rxe5 41. Kxe5 Nd7+ 42. Kf5 Kd6 43. Bd3 Ne5 44. Be2 Nc6 45. Bd3 Ne7+ 46. Kg4 Ke6 47. Kh5 Kf6 48. Be4 Ke5 49. Bd3 Nd5 50. Kg4 Nf4 51. Bf5 h5+ 52. Kg5 h4 53. Bc8 h3 54. Kg4 h2 0-1

[Event "Espalion op 3rd"]
[Site "Espalion"]
[Date "2018.07.21"]
[Round "9"]
[White "Gaubert, Cedric"]
[Black "Tholey, Jean Paul"]
[Result "1-0"]
[WhiteElo "1797"]
[BlackElo "1815"]
[PlyCount "87"]
[EventDate "2018.07.14"]
[EventType "swiss"]
[EventRounds "9"]
[EventCountry "FRA"]
[SourceTitle "CBM 185 Extra"]
[Source "ChessBase"]
[SourceDate "2018.07.29"]
[SourceVersion "1"]
[SourceVersionDate "2018.07.29"]
[SourceQuality "1"]

1. d4 d5 2. Bf4 Nf6 3. e3 Bf5 4. c4 e6 5. Nc3 c6 6. Qb3 Qb6 7. c5 Qxb3 8. axb3 Nbd7 9. h3 Be7 10. Nf3 0-0 11. Be2 Rfc8 12. b4 Bd8 13. 0-0 Bc7 14. Bxc7 Rxc7 15. Nh4 Bg6 16. Nxg6 hxg6 17. b5 b6 18. b4 Ne8 19. bxc6 Rxc6 20. Bb5 Rc7 21. Bxd7 Rxd7 22. cxb6 a6 23. b5 a5 24. Na4 Rb7 25. Rfc1 Nd6 26. Rc6 Nc4 27. Kf1 Rab8 28. Ke2 Kf8 29. Kd3 Nxb6 30. Nxb6 Rxb6 31. Rxb6 Rxb6 32. Rxa5 Ke7 33. Kc3 Rb7 34. Kb4 Rc7 35. Ra2 Kd7 36. b6 Rc1 37. Kb5 Kc8 38. Ra8+ Kb7 39. Ra7+ Kb8 40. Rxf7 Rb1+ 41. Kc6 Rc1+ 42. Kd6 Rb1 43. Rxg7 Rxb6+ 44. Ke5 1-0

[Event "Espalion op 3rd"]
[Site "Espalion"]
[Date "2018.07.16"]
[Round "3"]
[White "Kosten Forintos, Gyongyver"]
[Black "Tholey, Jean Paul"]
[Result "0-1"]
[WhiteElo "1685"]
[BlackElo "1815"]
[PlyCount "100"]
[EventDate "2018.07.14"]
[EventType "swiss"]
[EventRounds "9"]
[EventCountry "FRA"]
[SourceTitle "CBM 185 Extra"]
[Source "ChessBase"]
[SourceDate "2018.07.29"]
[SourceVersion "1"]
[SourceVersionDate "2018.07.29"]
[SourceQuality "1"]

1. d4 Nf6 2. Nf3 g6 3. Bg5 Ne4 4. Bf4 Bg7 5. e3 c5 6. c3 d5 7. Bd3 Nc6 8. 0-0 0-0 9. Nbd2 Bf5 10. Qc2 cxd4 11. exd4 Nd6 12. Rfe1 Rc8 13. Bxf5 Nxf5 14. Qd3 e6 15. Ne5 g5 16. Nxc6 Rxc6 17. Be5 f6 18. Bg3 Qd7 19. Re2 Re8 20. Rae1 h6 21. Qf3 Ra6 22. a3 Rb6 23. Nf1 Nxg3 24. Nxg3 e5 25. dxe5 fxe5 26. Rd1 Rd8 27. Red2 d4 28. cxd4 exd4 29. b4 Rd6 30. Nh5 Qf7 31. Nxg7 Qxf3 32. gxf3 Kxg7 33. Kg2 Kf6 34. Kg3 Ke5 35. Re1+ Kd5 36. Rc2 Rc6 37. Rce2 Rc3 38. Re5+ Kc4 39. Ra5 a6 40. Rc5+ Kb3 41. Re7 Rxc5 42. bxc5 d3 43. Rxb7+ Kc2 44. c6 d2 45. c7 Rc8 46. Ra7 d1Q 47. Rxa6 Rxc7 48. Rxh6 Rf7 49. Rc6+ Kb3 50. Rc5 Qxf3# 0-1

[Event "Riscle-B"]
[Site "Riscle"]
[Date "2017.08.07"]
[Round "5"]
[White "Gonzalez, Loic"]
[Black "Tholey, Jean Paul"]
[Result "1-0"]
[WhiteElo "1869"]
[BlackElo "1845"]
[PlyCount "99"]
[EventDate "2017.08.07"]
[EventType "tourn"]
[EventRounds "7"]
[EventCountry "FRA"]
[SourceTitle "EXT 2019"]
[Source "ChessBase"]
[SourceDate "2018.10.10"]
[SourceVersion "1"]
[SourceVersionDate "2018.10.10"]
[SourceQuality "1"]

1. e4 e6 2. Nc3 d5 3. Qe2 dxe4 4. Nxe4 Bd7 5. Nf3 Bc6 6. d4 Nd7 7. Bf4 Ngf6 8. Nxf6+ Nxf6 9. c3 Bd6 10. Ne5 Bxe5 11. Qxe5 Rc8 12. 0-0-0 Qd5 13. Qxd5 Nxd5 14. Bd2 0-0 15. Bd3 b5 16. h4 Nb6 17. Rh3 Bd7 18. Rg3 f5 19. Bf4 Rf7 20. Be5 c5 21. Rg5 b4 22. dxc5 Rxc5 23. Bd6 Ra5 24. Bxb4 Rxa2 25. Kb1 Ba4 26. Re1 Bb3 27. Bc2 Bd5 28. b3 Rxc2 29. Kxc2 Rc7 30. Kb2 Kf7 31. c4 Bb7 32. Bc3 g6 33. h5 Nd7 34. hxg6+ hxg6 35. g4 Nf6 36. gxf5 gxf5 37. Bxf6 Kxf6 38. f4 Rh7 39. Reg1 Bf3 40. b4 Bg4 41. Rg8 Rh2+ 42. Kc3 Rf2 43. Rf8+ Ke7 44. Ra8 Rxf4 45. Rxa7+ Kf6 46. b5 Be2 47. Rc7 Ke5 48. b6 Kd6 49. c5+ Ke5 50. b7 1-0

[Event "Muret Seniors op 14th"]
[Site "Muret"]
[Date "2015.06.26"]
[Round "5"]
[White "Tholey, Jean Paul"]
[Black "Peric, Slavisa"]
[Result "1/2-1/2"]
[WhiteElo "1845"]
[BlackElo "2190"]
[PlyCount "125"]
[EventDate "2015.06.22"]
[EventType "swiss"]
[EventRounds "7"]
[EventCountry "FRA"]
[SourceTitle "EXT 2016"]
[Source "ChessBase"]
[SourceDate "2015.10.08"]
[SourceVersion "1"]
[SourceVersionDate "2015.10.08"]
[SourceQuality "1"]

1. d4 e6 2. e4 d5 3. exd5 exd5 4. Bd3 Nc6 5. Nf3 Nb4 6. Bb5+ c6 7. Ba4 Bd6 8. c3 Na6 9. Bg5 f6 10. Bh4 Qe7+ 11. Qe2 Qxe2+ 12. Kxe2 Bf5 13. Re1 0-0-0 14. Nbd2 Ne7 15. Bg3 g5 16. Kd1 Kd7 17. Bc2 Bxc2+ 18. Kxc2 Nf5 19. Bxd6 Nxd6 20. Re2 Rde8 21. Rae1 Nc7 22. Kd3 Rxe2 23. Rxe2 Ne6 24. g3 Nf5 25. Nf1 h5 26. Ne3 Nd6 27. b3 h4 28. c4 dxc4+ 29. bxc4 hxg3 30. fxg3 Rd8 31. h4 gxh4 32. Nxh4 Rg8 33. Nhf5 Nxf5 34. Nxf5 Rg5 35. Rf2 Ng7 36. Nxg7 Rxg7 37. Kc2 Rxg3 38. Rxf6 Rg2+ 39. Kb3 Rd2 40. Rf7+ Kc8 41. Rf4 a5 42. c5 Kb8 43. a3 Ka7 44. Kc3 Rd1 45. Kc2 Rh1 46. Rf3 Rh2+ 47. Kc3 Ka6 48. Kc4 Rc2+ 49. Kb3 Rd2 50. Kc3 Rd1 51. Rf7 a4 52. Kc4 Rb1 53. Rf3 Ka5 54. Rc3 Ka6 55. Rc2 b5+ 56. cxb6 Kxb6 57. Rc3 Rb5 58. Rh3 Rb1 59. Rg3 Rd1 60. Rh3 Rb1 61. Rg3 Ka5 62. Rg5+ Kb6 63. Rg3 1/2-1/2

[Event "Saint Affrique op 21st"]
[Site "Saint Affrique"]
[Date "2013.07.21"]
[Round "2"]
[White "Tholey, Jean Paul"]
[Black "Kukov, Velislav"]
[Result "0-1"]
[WhiteElo "1901"]
[BlackElo "2370"]
[PlyCount "50"]
[EventDate "2013.07.20"]
[EventType "swiss"]
[EventRounds "9"]
[EventCountry "FRA"]
[SourceTitle "EXT 2014"]
[Source "ChessBase"]
[SourceDate "2013.11.20"]
[SourceVersion "1"]
[SourceVersionDate "2013.11.20"]
[SourceQuality "1"]

1. d4 Nf6 2. c4 Nc6 3. Nf3 e6 4. Nc3 Bb4 5. Qc2 d6 6. Bf4 0-0 7. a3 Bxc3+ 8. Qxc3 a5 9. e3 Re8 10. Rd1 Qe7 11. Be2 e5 12. dxe5 dxe5 13. Bg3 Bg4 14. Qc2 a4 15. 0-0 Bh5 16. Nh4 Bxe2 17. Qxe2 Qe6 18. Nf3 Ra5 19. Qc2 h6 20. Rd2 Rea8 21. h3 Rc5 22. b3 axb3 23. Qxb3 Na5 24. Qb4 Rxc4 25. Qb5 Ne4 0-1

[Event "FRA-ch Seniors"]
[Site "Caen"]
[Date "2011.08.23"]
[Round "7"]
[White "Tholey, Jean Paul"]
[Black "Zurano, Alberto"]
[Result "1-0"]
[WhiteElo "1981"]
[BlackElo "1817"]
[PlyCount "115"]
[EventDate "2011.08.16"]
[EventType "swiss"]
[EventRounds "11"]
[EventCountry "FRA"]
[SourceTitle "CBM 144 Extra"]
[Source "ChessBase"]
[SourceDate "2011.10.28"]
[SourceVersion "1"]
[SourceVersionDate "2011.10.28"]
[SourceQuality "1"]

1. d4 Nf6 2. c4 g6 3. Nc3 Bg7 4. e4 d6 5. f3 Nc6 6. Be3 0-0 7. Nge2 e5 8. Qd2 exd4 9. Nxd4 Ne5 10. Be2 Bd7 11. 0-0 Nc6 12. Rac1 Nxd4 13. Bxd4 Nh5 14. Nd5 f5 15. exf5 gxf5 16. Bxg7 Nxg7 17. f4 Ne8 18. Rc3 c6 19. Rg3+ Kh8 20. Qd4+ Nf6 21. Ne3 Qe7 22. Bd3 Rad8 23. Rd1 b6 24. Bxf5 d5 25. cxd5 cxd5 26. Nxd5 Qc5 27. Qxc5 bxc5 28. Bxd7 Rxd7 29. Nc3 Rdf7 30. Rgd3 c4 31. Rd8 Kg7 32. Rxf8 Rxf8 33. Rd4 Rb8 34. Nd1 Rc8 35. g3 Rc7 36. Kg2 Nd7 37. Kf3 Nb6 38. g4 Re7 39. Ne3 Rc7 40. Nd5 Nxd5 41. Rxd5 c3 42. bxc3 Rxc3+ 43. Ke4 Ra3 44. Rd7+ Kg8 45. Rd2 Ra4+ 46. Kf5 Ra5+ 47. Kf6 Ra6+ 48. Kg5 Rg6+ 49. Kf5 Ra6 50. g5 Ra5+ 51. Kg4 Ra4 52. h4 Kg7 53. h5 Kf7 54. Rd7+ Kg8 55. g6 hxg6 56. hxg6 Rxa2 57. Kg5 Ra1 58. f5 1-0

[Event "FRA-ch Seniors"]
[Site "Caen"]
[Date "2011.08.21"]
[Round "6"]
[White "Basic, Bosko"]
[Black "Tholey, Jean Paul"]
[Result "1-0"]
[WhiteElo "2067"]
[BlackElo "1981"]
[PlyCount "141"]
[EventDate "2011.08.16"]
[EventType "swiss"]
[EventRounds "11"]
[EventCountry "FRA"]
[SourceTitle "CBM 144 Extra"]
[Source "ChessBase"]
[SourceDate "2011.10.28"]
[SourceVersion "1"]
[SourceVersionDate "2011.10.28"]
[SourceQuality "1"]

1. Nf3 d5 2. d4 Nf6 3. g3 e6 4. Bg2 c5 5. c4 dxc4 6. e3 Nc6 7. 0-0 cxd4 8. exd4 Be7 9. Qa4 Bd7 10. Qxc4 Rc8 11. Qe2 Nb4 12. Nc3 Bc6 13. a3 Nbd5 14. Rd1 0-0 15. Bg5 Qa5 16. Bd2 Qb6 17. Nxd5 Bxd5 18. Bc3 Rc7 19. Ne5 Bxg2 20. Kxg2 Rfc8 21. Qf3 Bd6 22. Rd3 Nd5 23. Rad1 f6 24. Qg4 Be7 25. Ba5 Qa6 26. Bxc7 Rxc7 27. Nf3 g6 28. Qe4 Kf7 29. Qh4 Kg7 30. Qe4 Kf7 31. R3d2 Qc6 32. Kg1 Bf8 33. Ne1 Ne7 34. Qh4 h5 35. Rc2 Qb6 36. Rxc7 Qxc7 37. Qe4 Nd5 38. Nd3 Bd6 39. Rc1 Qd7 40. b4 Qa4 41. Re1 Qd7 42. Nc5 Bxc5 43. dxc5 a6 44. a4 b6 45. cxb6 Nxb6 46. Qe3 Nd5 47. Qh6 Ne7 48. Qh7+ Kf8 49. Qh6+ Kf7 50. a5 e5 51. Qe3 Nf5 52. Qe4 Qd2 53. Qc4+ Kg7 54. Re2 Qd1+ 55. Kg2 Nd4 56. Re3 Nc2 57. Rc3 Ne1+ 58. Kh3 Qd7+ 59. g4 Kh6 60. Qe2 Qd4 61. Qe3+ g5 62. Qxd4 exd4 63. Rc6 hxg4+ 64. Kxg4 Kg6 65. Rxa6 Nd3 66. Rd6 Nxb4 67. Rxd4 Nc6 68. Ra4 f5+ 69. Kg3 Kf6 70. a6 Na7 71. Rb4 1-0

[Event "FRA-ch Seniors"]
[Site "Caen"]
[Date "2011.08.17"]
[Round "2"]
[White "Maury, Claude"]
[Black "Tholey, Jean Paul"]
[Result "0-1"]
[WhiteElo "1852"]
[BlackElo "1981"]
[PlyCount "40"]
[EventDate "2011.08.16"]
[EventType "swiss"]
[EventRounds "11"]
[EventCountry "FRA"]
[SourceTitle "CBM 144 Extra"]
[Source "ChessBase"]
[SourceDate "2011.10.28"]
[SourceVersion "1"]
[SourceVersionDate "2011.10.28"]
[SourceQuality "1"]

1. e4 e6 2. f4 d5 3. e5 c5 4. Nf3 Nc6 5. b3 Nge7 6. Bb2 Nf5 7. Na3 Be7 8. c3 Bd7 9. Nc2 Rc8 10. Ne3 Nxe3 11. dxe3 0-0 12. Bd3 f6 13. 0-0 fxe5 14. fxe5 Qb6 15. Rb1 c4 16. bxc4 Qxe3+ 17. Kh1 Nxe5 18. Nxe5 Qxe5 19. cxd5 Bd6 20. g3 Qxd5+ 0-1

[Event "San Sebastian op 34th"]
[Site "San Sebastian"]
[Date "2011.04.20"]
[Round "5"]
[White "Tholey, Jean Paul"]
[Black "Abello, Sebastien"]
[Result "0-1"]
[WhiteElo "2019"]
[BlackElo "2337"]
[PlyCount "66"]
[EventDate "2011.04.16"]
[EventType "swiss"]
[EventRounds "9"]
[EventCountry "ESP"]
[SourceTitle "CBM 141 Extra"]
[Source "ChessBase"]
[SourceDate "2011.05.03"]
[SourceVersion "1"]
[SourceVersionDate "2011.05.03"]
[SourceQuality "1"]

1. d4 Nf6 2. c4 c5 3. Nf3 cxd4 4. Nxd4 e5 5. Nb5 d5 6. cxd5 Bc5 7. N1c3 0-0 8. e3 Bf5 9. Bd3 e4 10. Bc2 Bg4 11. Ne2 Nbd7 12. Nbc3 Qe7 13. a3 a6 14. 0-0 Rac8 15. Bd2 Qe5 16. Qb1 Bxe2 17. Nxe2 Ng4 18. Ng3 f5 19. Bc3 Qd6 20. Qd1 h5 21. Re1 Rce8 22. Bd4 Bxd4 23. Qxd4 Nxh2 24. Nxh5 Ne5 25. Qb4 Qh6 26. Kxh2 Qxh5+ 27. Kg1 Rf6 28. Kf1 Rh6 29. Bxe4 fxe4 30. Qxe4 Ng4 31. Qc4 Nh2+ 32. Kg1 Nf3+ 33. Kf1 Nd2+ 0-1